000 00431 a2200157 4500
999 _c504
_d504
008 220929b ||||| |||| 00| 0 eng d
020 _a9788131756201
082 0 0 _a658.45
_bM9712
100 _aMunter, Mary
_95258
245 _aGuide to managerial communication /
_cby Mary Munter
250 _a8th ed.
260 _bPearson Education,
_c2013.
_aNoida:
300 _aix, 178 p.
650 0 _aBusiness Communication
942 _2ddc
_cBK